[Event "2. Bundesliga West 2019/20"]
[Site "Hotel Montfort, Galuragasse 7, 6800 Fekdkirch"]
[Date "2019.11.23"]
[Round "4"]
[Board "6"]
[White "Hoellrigl, Wilfried"]
[Black "Nussbaumer, Leon"]
[Result "1-0"]
[WhiteElo "2216"]
[BlackElo "1975"]
[PlyCount "68"]
[EventDate "2019.10.04"]
[EventType "team"]
[EventRounds "11"]
[EventCountry "AUT"]
[WhiteTeam "Jenbach 2"]
[BlackTeam "Pradl"]

1. e4 c5 2. Nf3 e6 3. c3 d5 4. e5 Nc6 5. d4 Qb6 6. a3 c4 7. Nbd2 Bd7 8. Be2 f6
9. O-O fxe5 10. Nxe5 Nxe5 11. dxe5 Ne7 12. Bxc4 Qc7 13. Bd3 Qxe5 14. Re1 Qf6
15. Nf3 Nc6 16. Bg5 Qf7 17. b4 Bd6 18. b5 Ne7 19. Ne5 Bxe5 20. Rxe5 O-O 21.
Bxe7 Qxe7 22. c4 Qf6 23. Qe1 Rae8 24. Rc1 b6 25. Qe3 Bc8 26. cxd5 Rd8 27. Rc6
Kh8 28. h3 Qh4 29. Re4 Qf6 30. dxe6 Rxd3 31. Qxd3 Qxf2+ 32. Kh2 Bb7 33. e7 Re8
34. Qd7 Bxc6  1-0

[Event "2. Bundesliga West 2019/20"]
[Site "Hotel Montfort, Galuragasse 7, 6800 Fekdkirch"]
[Date "2019.11.23"]
[Round "4"]
[Board "2"]
[White "Rusche, Johannes"]
[Black "Schmidlechner, Alexander"]
[Result "0-1"]
[WhiteElo "2284"]
[BlackElo "2152"]
[PlyCount "63"]
[EventDate "2019.10.04"]
[EventType "team"]
[EventRounds "11"]
[EventCountry "AUT"]
[WhiteTeam "Kufstein/Woergl"]
[BlackTeam "SK Hoerbranz"]

1. e4 c5 2. c3 Nf6 3. e5 Nd5 4. Nf3 e6 5. Bc4 Nb6 6. Bb3 Nc6 7. d4 cxd4 8. cxd4
d6 9. O-O Be7 10. Nc3 O-O 11. Qe2 Bd7 12. Rd1 Nb4 13. exd6 Bxd6 14. Bg5 Qe8 15.
Ne5 Bc6 16. Qg4 Kh8 17. Qh3 Be7 18. Nxc6 bxc6 19. Ne4 Qd8 20. Bxe7 Qxe7 21.
Rac1 Rac8 22. Rc5 N6d5 23. a3 Na6 24. Ra5 f5 25. Nd2 Qb7 26. Qd3 Nac7 27. Nc4
Rcd8 28. Qf3 Nb5 29. Ne5 Qc7 30. Nc4 Nb6 31. Rxb5 cxb5 32. Ne5  0-1

[Event "2. Bundesliga West 2019/20"]
[Site "Hotel Montfort, Galuragasse 7, 6800 Fekdkirch"]
[Date "2019.11.23"]
[Round "4"]
[Board "3"]
[White "Moosbrugger, Alexander"]
[Black "Neuschmied, Siegfried"]
[Result "1-0"]
[WhiteElo "1988"]
[BlackElo "2268"]
[PlyCount "55"]
[EventDate "2019.10.04"]
[EventType "team"]
[EventRounds "11"]
[EventCountry "AUT"]
[WhiteTeam "SK Hoerbranz"]
[BlackTeam "Kufstein/Woergl"]

1. e4 d6 2. d4 Nf6 3. Nc3 g6 4. Nf3 c6 5. h3 Bg7 6. Bd3 O-O 7. Be3 Nbd7 8. Qd2
Re8 9. O-O-O Qa5 10. Bh6 Bh8 11. h4 b5 12. Kb1 Nb6 13. h5 Nc4 14. Bxc4 bxc4 15.
hxg6 hxg6 16. Bg5 Bg7 17. Bh6 Bh8 18. Bg5 Nh7 19. e5 Bg7 20. Bh6 Bh8 21. Bf8
Nxf8 22. Rxh8+ Kxh8 23. Qh6+ Kg8 24. Rh1 f6 25. Ne4 dxe5 26. Qh8+ Kf7 27. Neg5+
fxg5 28. Nxg5#  1-0

[Event "2. Bundesliga West 2019/20"]
[Site "Hotel Montfort, Galuragasse 7, 6800 Fekdkirch"]
[Date "2019.11.23"]
[Round "4"]
[Board "4"]
[White "Schlichtmann, Robin"]
[Black "Hehle, Bernhard"]
[Result "1-0"]
[WhiteElo "2212"]
[BlackElo "1962"]
[PlyCount "91"]
[EventDate "2019.10.04"]
[EventType "team"]
[EventRounds "11"]
[EventCountry "AUT"]
[WhiteTeam "Kufstein/Woergl"]
[BlackTeam "SK Hoerbranz"]

1. e4 c6 2. d4 d5 3. f3 dxe4 4. fxe4 e5 5. Nf3 exd4 6. Bc4 Be6 7. Bxe6 fxe6 8.
O-O Bd6 9. Nxd4 Qh4 10. g3 Bxg3 11. Nf3 Bxh2+ 12. Nxh2 Qxe4 13. Rf4 Qe5 14. Ng4
Qc7 15. Qe1 Ne7 16. Qxe6 Nd7 17. Be3 O-O-O 18. Qxe7 h5 19. Nh2 Rhe8 20. Qa3 g5
21. Rf3 Ne5 22. Nd2 Nxf3+ 23. Ndxf3 g4 24. Ne1 h4 25. Nf1 Rf8 26. Qb4 Kb8 27.
Ng2 Ka8 28. Qxg4 Rg8 29. Qxh4 Qg7 30. Qf2 Rdf8 31. Qd2 Rd8 32. Qf2 Rdf8 33. Qe2
Qxb2 34. Rd1 Qxa2 35. Bd4 Qd5 36. Nfe3 Qg5 37. Ra1 c5 38. Bc3 Re8 39. Bd2 Qe5
40. Rb1 Rh8 41. Qf3 Qh2+ 42. Kf2 Rhf8 43. Nf5 Qc7 44. Bf4 Qd7 45. Nd6 Re7 46.
Rxb7  1-0

[Event "2. Bundesliga West 2019/20"]
[Site "Hotel Montfort, Galuragasse 7, 6800 Fekdkirch"]
[Date "2019.11.23"]
[Round "4"]
[Board "5"]
[White "Lassahn, Holger"]
[Black "Steinbacher, Thomas"]
[Result "1/2-1/2"]
[WhiteElo "1944"]
[BlackElo "2143"]
[PlyCount "137"]
[EventDate "2019.10.04"]
[EventType "team"]
[EventRounds "11"]
[EventCountry "AUT"]
[WhiteTeam "SK Hoerbranz"]
[BlackTeam "Kufstein/Woergl"]

1. e4 e5 2. Nf3 Nc6 3. Bc4 Bc5 4. c3 Nf6 5. d3 d6 6. a4 a5 7. h3 Be6 8. Bxe6
fxe6 9. Be3 Ba7 10. Nbd2 O-O 11. O-O Qe8 12. Nc4 Nh5 13. Qe1 Nf4 14. Bxf4 Rxf4
15. Ne3 Qg6 16. Kh2 Raf8 17. Qe2 Qh5 18. Rae1 Rxf3 19. Ng4 Ne7 20. gxf3 Ng6 21.
f4 Nxf4 22. Qf3 Kh8 23. Qg3 Qe8 24. b3 h5 25. Ne3 Nxd3 26. Rd1 Nc5 27. f3 Nxa4
28. Ng2 Nxc3 29. Rde1 Bd4 30. Kh1 Kh7 31. f4 exf4 32. Rxf4 Rxf4 33. Qxf4 Be5
34. Qf3 Kg8 35. Rf1 Bf6 36. Nf4 h4 37. Nh5 Nxe4 38. Qxe4 Qxh5 39. Qxe6+ Kh7 40.
Qe4+ Qg6 41. Qxb7 Qd3 42. Qf3 Qxf3+ 43. Rxf3 Kg6 44. Rf4 c5 45. Kg2 Kf7 46. Kf3
Ke6 47. Ra4 Bd8 48. Re4+ Kd7 49. Rf4 Kc6 50. Rf8 Bf6 51. Rc8+ Kb7 52. Re8 d5
53. Ke3 c4 54. bxc4 dxc4 55. Re4 c3 56. Rc4 Kb6 57. Kd3 Kb5 58. Rc8 Kb4 59. Kc2
a4 60. Rb8+ Kc4 61. Ra8 Kd4 62. Rxa4+ Ke3 63. Rg4 Kf3 64. Kd3 g5 65. Kc2 Be5
66. Rxg5 Bg3 67. Kxc3 Kg2 68. Rh5 Kxh3 69. Rxh4+  1/2-1/2

[Event "2. Bundesliga West 2019/20"]
[Site "Hotel Montfort, Galuragasse 7, 6800 Fekdkirch"]
[Date "2019.11.23"]
[Round "4"]
[Board "6"]
[White "Maltsev, Oleg"]
[Black "Hasovic, Rasim"]
[Result "1-0"]
[WhiteElo "1992"]
[BlackElo "1843"]
[PlyCount "93"]
[EventDate "2019.10.04"]
[EventType "team"]
[EventRounds "11"]
[EventCountry "AUT"]
[WhiteTeam "Kufstein/Woergl"]
[BlackTeam "SK Hoerbranz"]

1. d4 d5 2. c4 Bf5 3. Nc3 e6 4. Qb3 Nc6 5. cxd5 exd5 6. Be3 Nf6 7. Nf3 Na5 8.
Qd1 c6 9. a3 b5 10. Bg5 h6 11. Bxf6 Qxf6 12. e3 Bd6 13. Be2 O-O 14. Nd2 Qg6 15.
g4 Bd3 16. Bxd3 Qxd3 17. Qb1 Qxb1+ 18. Rxb1 Nc4 19. Nxc4 bxc4 20. e4 Rfe8 21.
f3 dxe4 22. Nxe4 Rab8 23. Kf2 Bf4 24. Rhd1 Rb3 25. Nc5 Rbe3 26. Ne4 Rb8 27. Nc5
Rd8 28. Rbc1 Ree8 29. Rxc4 Bxh2 30. Ne4 Re6 31. Ke3 g6 32. Rh1 Bc7 33. Kd3 Bf4
34. Rf1 f5 35. gxf5 gxf5 36. Nc5 Re3+ 37. Kc2 Re2+ 38. Kc3 a5 39. Rd1 Rde8 40.
Nd3 R8e3 41. Rf1 Rg2 42. Rxc6 Ree2 43. Nxf4 Rc2+ 44. Kd3 Rgd2+ 45. Ke3 Rxb2 46.
Rg1+ Kf7 47. Rc7+  1-0

[Event "2. Bundesliga West 2019/20"]
[Site "Hotel Montfort, Galuragasse 7, 6800 Fekdkirch"]
[Date "2019.11.23"]
[Round "4"]
[Board "1"]
[White "Barseghyan, Harutyun"]
[Black "Breder, Dennis"]
[Result "1/2-1/2"]
[WhiteElo "2500"]
[BlackElo "2464"]
[PlyCount "40"]
[EventDate "2019.10.04"]
[EventType "team"]
[EventRounds "11"]
[EventCountry "AUT"]
[WhiteTeam "Sparkasse Neumarkt"]
[BlackTeam "Hohenems II"]

1. d4 d5 2. c4 e6 3. Nf3 Nf6 4. g3 dxc4 5. Bg2 Bb4+ 6. Bd2 a5 7. Qc2 Bxd2+ 8.
Qxd2 c6 9. a4 Ne4 10. Qf4 Qb6 11. O-O Qxb2 12. Ne5 O-O 13. Na3 Nc3 14. Qe3 Qb4
15. Nc2 Qb2 16. Qd2 Qb3 17. Ne3 Qb4 18. Nc2 Qb3 19. Ne3 Qb4 20. Nc2 Qb3  1/2-1/2

[Event "2. Bundesliga West 2019/20"]
[Site "Hotel Montfort, Galuragasse 7, 6800 Fekdkirch"]
[Date "2019.11.23"]
[Round "4"]
[Board "2"]
[White "Henrichs, Thomas"]
[Black "Farkas, Richard"]
[Result "1/2-1/2"]
[WhiteElo "2440"]
[BlackElo "2280"]
[PlyCount "61"]
[EventDate "2019.10.04"]
[EventType "team"]
[EventRounds "11"]
[EventCountry "AUT"]
[WhiteTeam "Hohenems II"]
[BlackTeam "Sparkasse Neumarkt"]

1. Nf3 c5 2. c4 Nc6 3. Nc3 g6 4. g3 Bg7 5. Bg2 e6 6. d3 Nge7 7. Bg5 h6 8. Bd2
O-O 9. a3 b6 10. Qc1 Kh7 11. b4 Rb8 12. Rb1 d6 13. h4 f5 14. bxc5 dxc5 15. g4
Nd4 16. gxf5 gxf5 17. Bf4 Nxf3+ 18. Bxf3 e5 19. Be3 Be6 20. Bh5 f4 21. Bd2 Nf5
22. Ne4 Qe7 23. Bg4 Nd6 24. Bf3 Bf5 25. Nxd6 Qxd6 26. Bc3 Rbe8 27. Qb2 Qd7 28.
Rd1 Bf6 29. Rg1 Qe6 30. Bd5 Qe7 31. h5  1/2-1/2

[Event "2. Bundesliga West 2019/20"]
[Site "Hotel Montfort, Galuragasse 7, 6800 Fekdkirch"]
[Date "2019.11.23"]
[Round "4"]
[Board "3"]
[White "Burrer, Fabian"]
[Black "Hofer, Emilian"]
[Result "0-1"]
[WhiteElo "2123"]
[BlackElo "2192"]
[PlyCount "98"]
[EventDate "2019.10.04"]
[EventType "team"]
[EventRounds "11"]
[EventCountry "AUT"]
[WhiteTeam "Sparkasse Neumarkt"]
[BlackTeam "Hohenems II"]

1. e4 e5 2. Bc4 Nf6 3. d4 exd4 4. Nf3 Nc6 5. e5 d5 6. Bb5 Ne4 7. Nxd4 Bd7 8.
Bxc6 bxc6 9. O-O Be7 10. f3 Ng5 11. f4 Ne4 12. c3 c5 13. Ne2 Bc6 14. Nd2 Nxd2
15. Qxd2 f5 16. b4 d4 17. cxd4 cxb4 18. Qc2 Qd7 19. Be3 Be4 20. Qd2 O-O 21.
Rfd1 Bd5 22. Nc1 a5 23. Nd3 Qe6 24. Rdc1 c6 25. Nc5 Bxc5 26. Rxc5 Rfb8 27. a3
bxa3 28. Rxa3 a4 29. Rc1 Rb3 30. Rca1 Rxa3 31. Rxa3 Qg6 32. Qc2 Rb8 33. Bc1 Bb3
34. Qe2 Rb4 35. Bb2 h6 36. Ra1 Bd5 37. Bc3 Rb3 38. Bb2 Bxg2 39. Qxg2 Qxg2+ 40.
Kxg2 Rxb2+ 41. Kf3 Rb3+ 42. Ke2 a3 43. Rc1 a2 44. Ra1 Rh3 45. Kd2 Kf7 46. Kc2
g5 47. fxg5 hxg5 48. Kb2 Rxh2+ 49. Kc3 Ke6  0-1

[Event "2. Bundesliga West 2019/20"]
[Site "Hotel Montfort, Galuragasse 7, 6800 Fekdkirch"]
[Date "2019.11.23"]
[Round "4"]
[Board "4"]
[White "Lins, Philipp"]
[Black "Egger, Martin"]
[Result "1-0"]
[WhiteElo "2130"]
[BlackElo "2007"]
[PlyCount "61"]
[EventDate "2019.10.04"]
[EventType "team"]
[EventRounds "11"]
[EventCountry "AUT"]
[WhiteTeam "Hohenems II"]
[BlackTeam "Sparkasse Neumarkt"]

1. Nf3 Nf6 2. d4 d5 3. c4 e6 4. g3 Be7 5. Bg2 O-O 6. O-O dxc4 7. Qc2 a6 8. Qxc4
b5 9. Qc2 Bb7 10. Bf4 Bd6 11. Nbd2 Bxf4 12. gxf4 Nc6 13. Nb3 Ne7 14. Nc5 Bd5
15. e4 Bc6 16. e5 Nfd5 17. Ng5 g6 18. Qd2 h6 19. Nge4 Kg7 20. Rac1 Qe8 21. Ng3
Nf5 22. Nce4 Bb7 23. Nf6 Qd8 24. Rc5 c6 25. Bxd5 cxd5 26. Nxf5+ gxf5 27. Kh1
Rh8 28. Rg1+ Kf8 29. Qc3 Rc8 30. Rxc8 Qxc8 31. Qb4+  1-0

[Event "2. Bundesliga West 2019/20"]
[Site "Hotel Montfort, Galuragasse 7, 6800 Fekdkirch"]
[Date "2019.11.23"]
[Round "4"]
[Board "5"]
[White "Preundler, Stefan"]
[Black "Heinrici, Simon"]
[Result "0-1"]
[WhiteElo "1929"]
[BlackElo "2131"]
[PlyCount "124"]
[EventDate "2019.10.04"]
[EventType "team"]
[EventRounds "11"]
[EventCountry "AUT"]
[WhiteTeam "Sparkasse Neumarkt"]
[BlackTeam "Hohenems II"]

1. d4 d5 2. c4 e6 3. Nf3 Nf6 4. g3 dxc4 5. Qc2 Nc6 6. Qxc4 Bd7 7. Bg2 Na5 8.
Qc2 Rc8 9. Nc3 c5 10. dxc5 Bxc5 11. Qd1 Bb4 12. Bd2 Nc4 13. Qb3 Qa5 14. a3 Nxd2
15. Qxb4 Qxb4 16. axb4 Nc4 17. Rxa7 Nxb2 18. Ra2 Rxc3 19. Rxb2 Bc6 20. O-O Ke7
21. Ne5 Bxg2 22. Kxg2 Rhc8 23. Ra1 Rc2 24. Raa2 Rxb2 25. Rxb2 Nd7 26. Nxd7 Kxd7
27. Rd2+ Ke7 28. Kf3 Rc4 29. Rb2 Kd6 30. Rd2+ Kc7 31. b5 Rc5 32. b6+ Kxb6 33.
Rd7 Rc7 34. Rd2 Rc3+ 35. Ke4 Kc7 36. Kd4 Rc6 37. Rb2 b6 38. Ra2 Kb7 39. Rb2 Rc5
40. Ra2 e5+ 41. Ke4 f6 42. h4 g6 43. Ra1 f5+ 44. Kd3 b5 45. h5 Rc8 46. hxg6
hxg6 47. g4 Kb6 48. gxf5 gxf5 49. f4 exf4 50. Kd4 b4 51. Ke5 Re8+ 52. Kxf5 Rxe2
53. Kxf4 Kb5 54. Kf3 Re8 55. Ra7 b3 56. Rb7+ Kc4 57. Rb6 Kc3 58. Rc6+ Kd3 59.
Rd6+ Kc2 60. Rc6+ Kb1 61. Rb6 b2 62. Rb7 Ra8  0-1

[Event "2. Bundesliga West 2019/20"]
[Site "Hotel Montfort, Galuragasse 7, 6800 Fekdkirch"]
[Date "2019.11.23"]
[Round "4"]
[Board "6"]
[White "Kienboeck, Benjamin"]
[Black "Kriechbaum, Paul"]
[Result "1-0"]
[WhiteElo "1968"]
[BlackElo "1805"]
[PlyCount "49"]
[EventDate "2019.10.04"]
[EventType "team"]
[EventRounds "11"]
[EventCountry "AUT"]
[WhiteTeam "Hohenems II"]
[BlackTeam "Sparkasse Neumarkt"]

1. e4 g6 2. d4 d6 3. Nc3 a6 4. Be3 Bg7 5. Qd2 Nd7 6. O-O-O b5 7. a3 Bb7 8. Be2
h6 9. h4 Ngf6 10. Bf3 e5 11. g4 Ng8 12. Bg2 Ne7 13. f4 Nf6 14. Qe2 exf4 15.
Bxf4 Bc8 16. Bf3 Bb7 17. e5 Bxf3 18. Qxf3 Nd7 19. exd6 cxd6 20. Bxd6 O-O 21.
Re1 Bf6 22. Kb1 g5 23. hxg5 Bxg5 24. Ne4 Nc6 25. Bxf8  1-0

[Event "2. Bundesliga West 2019/20"]
[Site "Hotel Montfort, Galuragasse 7, 6800 Fekdkirch"]
[Date "2019.11.23"]
[Round "4"]
[Board "1"]
[White "Burschowsky, Matthias"]
[Black "Hoefelsauer, Thomas"]
[Result "1/2-1/2"]
[WhiteElo "2249"]
[BlackElo "2365"]
[PlyCount "97"]
[EventDate "2019.10.04"]
[EventType "team"]
[EventRounds "11"]
[EventCountry "AUT"]
[WhiteTeam "ASK Salzburg"]
[BlackTeam "Wolfurt"]

1. Nf3 d5 2. c4 c6 3. g3 Nf6 4. b3 Bf5 5. Bg2 e6 6. O-O h6 7. Bb2 Be7 8. d3 O-O
9. Nbd2 a5 10. a3 Nbd7 11. Rc1 Qb6 12. Rc2 Rfc8 13. Qa1 Qa6 14. Rfc1 Bh7 15.
Ne5 Nxe5 16. Bxe5 b5 17. cxd5 cxd5 18. a4 b4 19. Nf3 Ne8 20. Nd4 Bg5 21. f4 Bd8
22. Nc6 Bb6+ 23. Bd4 Rc7 24. Kh1 Kf8 25. Ne5 Bxd4 26. Qxd4 Rxc2 27. Rxc2 Rc8
28. Qb2 f6 29. Nf3 Nd6 30. Nd4 Nf5 31. Nxf5 Bxf5 32. Qc1 Rxc2 33. Qxc2 Qb6 34.
h3 Bg6 35. e4 dxe4 36. Qc8+ Be8 37. Bxe4 Ke7 38. Kg2 Qd6 39. f5 e5 40. Kf3 Bf7
41. Qb7+ Qd7 42. Qb6 Bxb3 43. Qxa5 Qxa4 44. Qc5+ Kf7 45. Bc6 Qa2 46. Ke3 Qc2
47. Bd5+ Ke8 48. Bc6+ Kf7 49. Bd5+  1/2-1/2

[Event "2. Bundesliga West 2019/20"]
[Site "Hotel Montfort, Galuragasse 7, 6800 Fekdkirch"]
[Date "2019.11.23"]
[Round "4"]
[Board "2"]
[White "Neuberger, Guido"]
[Black "Scheiblmaier, Robert"]
[Result "1/2-1/2"]
[WhiteElo "2246"]
[BlackElo "2177"]
[PlyCount "80"]
[EventDate "2019.10.04"]
[EventType "team"]
[EventRounds "11"]
[EventCountry "AUT"]
[WhiteTeam "Wolfurt"]
[BlackTeam "ASK Salzburg"]

1. d4 d5 2. Bf4 e6 3. e3 Nf6 4. Nd2 Bd6 5. Bg3 O-O 6. Ngf3 c5 7. c3 Nc6 8. Bd3
b6 9. e4 dxe4 10. Nxe4 Nxe4 11. Bxe4 Bb7 12. Qa4 Rc8 13. Rd1 Bxg3 14. hxg3 f5
15. dxc5 Qe7 16. Bc2 bxc5 17. g4 Rcd8 18. Rxd8 Rxd8 19. Bb3 Qf6 20. g5 Qe7 21.
O-O Nd4 22. Nxd4 cxd4 23. Qxa7 d3 24. Qe3 Kf7 25. Rd1 Ba6 26. Rd2 Qd6 27. Kf1
Qc6 28. Qe5 Bc4 29. Bd1 Bxa2 30. b3 Bb1 31. c4 Bc2 32. Bh5+ Kg8 33. g6 hxg6 34.
Bxg6 Qd6 35. Qc3 Qh2 36. f3 Qh1+ 37. Kf2 Qh4+ 38. Kf1 Qh1+ 39. Kf2 Qh4+ 40. Kf1
Qh1+  1/2-1/2

[Event "2. Bundesliga West 2019/20"]
[Site "Hotel Montfort, Galuragasse 7, 6800 Fekdkirch"]
[Date "2019.11.23"]
[Round "4"]
[Board "3"]
[White "Herrmann, Michael"]
[Black "Donev, Ivo"]
[Result "1/2-1/2"]
[WhiteElo "2123"]
[BlackElo "2319"]
[PlyCount "61"]
[EventDate "2019.10.04"]
[EventType "team"]
[EventRounds "11"]
[EventCountry "AUT"]
[WhiteTeam "ASK Salzburg"]
[BlackTeam "Wolfurt"]

1. c4 e6 2. Nf3 d5 3. b3 Nf6 4. g3 c5 5. e3 Be7 6. Bg2 O-O 7. O-O Nc6 8. Bb2 b6
9. Qe2 Bb7 10. d3 Qc7 11. Nbd2 Rfd8 12. d4 dxc4 13. Nxc4 cxd4 14. Nxd4 Nxd4 15.
Bxd4 Rac8 16. Be5 Qd7 17. Rfd1 Bd5 18. Nxb6 axb6 19. e4 Nxe4 20. Bxe4 Qb7 21.
Bxd5 Rxd5 22. Rxd5 Qxd5 23. Rd1 Qc6 24. Qd3 f6 25. Qd7 Qxd7 26. Rxd7 Rc1+ 27.
Kg2 Bc5 28. Bf4 Ra1 29. Rd2 e5 30. Be3 Bxe3 31. fxe3  1/2-1/2

[Event "2. Bundesliga West 2019/20"]
[Site "Hotel Montfort, Galuragasse 7, 6800 Fekdkirch"]
[Date "2019.11.23"]
[Round "4"]
[Board "4"]
[White "Janko, Ladislav"]
[Black "Wollrab, Richard"]
[Result "1-0"]
[WhiteElo "2184"]
[BlackElo "2107"]
[PlyCount "67"]
[EventDate "2019.10.04"]
[EventType "team"]
[EventRounds "11"]
[EventCountry "AUT"]
[WhiteTeam "Wolfurt"]
[BlackTeam "ASK Salzburg"]

1. e4 c6 2. d4 d5 3. e5 Bf5 4. Nc3 e6 5. g4 Bg6 6. Nge2 c5 7. Be3 Nc6 8. h4 h5
9. Nf4 Nge7 10. Nb5 Nc8 11. Nxg6 fxg6 12. Qd3 Kf7 13. gxh5 Rxh5 14. Rg1 Rf5 15.
Bh3 Qxh4 16. Bxf5 gxf5 17. O-O-O a6 18. Nc7 c4 19. Qe2 Ra7 20. Rh1 Qd8 21. Qh5+
g6 22. Qh7+ Bg7 23. Qxg7+ Kxg7 24. Nxe6+ Kg8 25. Nxd8 Nxd8 26. Rdg1 Kg7 27.
Bh6+ Kf7 28. Bg5 Ne6 29. Bf6 Nxd4 30. Rh7+ Ke6 31. Rxg6 Ne2+ 32. Kd1 Nf4 33.
Rg8 b5 34. Re8+  1-0

[Event "2. Bundesliga West 2019/20"]
[Site "Hotel Montfort, Galuragasse 7, 6800 Fekdkirch"]
[Date "2019.11.23"]
[Round "4"]
[Board "5"]
[White "Flatz, Helmut"]
[Black "Bischofberger, Dario"]
[Result "0-1"]
[WhiteElo "1877"]
[BlackElo "2152"]
[PlyCount "108"]
[EventDate "2019.10.04"]
[EventType "team"]
[EventRounds "11"]
[EventCountry "AUT"]
[WhiteTeam "ASK Salzburg"]
[BlackTeam "Wolfurt"]

1. c4 Nf6 2. Nc3 e6 3. g3 d5 4. cxd5 exd5 5. d4 c6 6. Bg2 Bd6 7. Nf3 Bf5 8. Nh4
Bg6 9. Nxg6 hxg6 10. Qc2 Nbd7 11. Bg5 Qb6 12. Bxf6 Nxf6 13. e3 Qa6 14. Qe2
Qxe2+ 15. Kxe2 O-O 16. Rhe1 Rfe8 17. h3 Kf8 18. a3 Nd7 19. Kd3 Nb6 20. b3 Rad8
21. Kc2 Re7 22. Re2 f5 23. Rd2 g5 24. Kb2 Rde8 25. Re1 a5 26. Red1 a4 27. Nxa4
Nxa4+ 28. bxa4 Ra8 29. Bf3 Rxa4 30. Rd3 f4 31. exf4 gxf4 32. g4 Re8 33. Ra1 Be7
34. Bd1 Rxd4 35. Rxd4 Bf6 36. Ra2 Bxd4+ 37. Kb3 Re1 38. Bf3 Rf1 39. Rd2 Rxf2
40. Rxf2 Bxf2 41. a4 Ke7 42. Kc3 Kf6 43. Kd3 Ke5 44. Bd1 Bh4 45. Bf3 c5 46. Bg2
b6 47. Bf3 c4+ 48. Kc3 Be1+ 49. Kc2 d4 50. Bc6 d3+ 51. Kd1 Bb4 52. h4 c3 53. h5
c2+ 54. Kc1 Ba3+  0-1

[Event "2. Bundesliga West 2019/20"]
[Site "Hotel Montfort, Galuragasse 7, 6800 Fekdkirch"]
[Date "2019.11.23"]
[Round "4"]
[Board "6"]
[White "Kalcher, Mathias"]
[Black "Moerwald, Magdalena"]
[Result "1-0"]
[WhiteElo "2138"]
[BlackElo "1820"]
[PlyCount "120"]
[EventDate "2019.10.04"]
[EventType "team"]
[EventRounds "11"]
[EventCountry "AUT"]
[WhiteTeam "Wolfurt"]
[BlackTeam "ASK Salzburg"]

1. c4 e6 2. Nf3 Nf6 3. e3 d5 4. Nc3 c6 5. b3 Bd6 6. Qc2 Nbd7 7. Bb2 a6 8. Rg1
Qc7 9. g4 Ne5 10. Nxe5 Bxe5 11. f4 Bd6 12. g5 Nd7 13. O-O-O b5 14. cxd5 cxd5
15. Ne2 Qxc2+ 16. Kxc2 O-O 17. h4 Bb7 18. Kb1 g6 19. h5 Rac8 20. Bh3 Nc5 21.
hxg6 hxg6 22. Bg4 d4 23. Bxd4 Nd3 24. Rdf1 Rce8 25. Bf6 Be7 26. Bf3 Bxf3 27.
Rxf3 Bxf6 28. gxf6 Nc5 29. Ng3 Rd8 30. Rh1 Rxd2 31. Nf5 exf5 32. Rfh3 Rd1+ 33.
Rxd1 Ne4 34. Rdh1 Nxf6 35. Rh8+ Kg7 36. Rxf8 Kxf8 37. Rh8+ Ke7 38. Kc2 Nd5 39.
Kd2 f6 40. Rg8 Kf7 41. Ra8 g5 42. Rxa6 g4 43. a4 bxa4 44. Rxa4 Kg6 45. b4 g3
46. b5 Kh5 47. Ke1 Kg4 48. Kf1 Nxe3+ 49. Kg1 Nd5 50. Rd4 Nc3 51. Rb4 Nd5 52.
Rb2 Kxf4 53. b6 Nxb6 54. Rxb6 Kf3 55. Rxf6 f4 56. Rf8 Ke3 57. Kg2 Ke4 58. Re8+
Kf5 59. Kf3 Kg5 60. Re5+ Kh4  1-0

[Event "2. Bundesliga West 2019/20"]
[Site "Hotel Montfort, Galuragasse 7, 6800 Fekdkirch"]
[Date "2019.11.23"]
[Round "4"]
[Board "1"]
[White "Moroder, Stefan"]
[Black "De Visser, Leon"]
[Result "1-0"]
[WhiteElo "2255"]
[BlackElo "2224"]
[PlyCount "77"]
[EventDate "2019.10.04"]
[EventType "team"]
[EventRounds "11"]
[EventCountry "AUT"]
[WhiteTeam "Rochade/Rum"]
[BlackTeam "Royal Salzburg"]

1. e4 c6 2. d4 d5 3. e5 c5 4. dxc5 e6 5. Nf3 Bxc5 6. a3 Ne7 7. Bd3 Ng6 8. b4
Be7 9. O-O a5 10. b5 Nd7 11. Re1 Qc7 12. Bb2 a4 13. Nbd2 Nc5 14. Bf1 O-O 15. h4
Bxh4 16. Nxh4 Nxh4 17. Qh5 Qe7 18. Re3 h6 19. Rh3 Ng6 20. Rg3 Qh4 21. Qf3 b6
22. Rg4 Qe7 23. Qh3 Bd7 24. Nf3 Rfc8 25. Re1 Be8 26. Nd4 Ne4 27. f3 Ng5 28. Qh2
f5 29. exf6 Qxf6 30. Bd3 e5 31. Nc6 Bxc6 32. bxc6 Rxc6 33. Bxe5 Nxe5 34. Rxe5
Re6 35. Rgxg5 Rae8 36. Rgf5 Qe7 37. Rxe6 Qc5+ 38. Kf1 Rxe6 39. Qb8+  1-0

[Event "2. Bundesliga West 2019/20"]
[Site "Hotel Montfort, Galuragasse 7, 6800 Fekdkirch"]
[Date "2019.11.23"]
[Round "4"]
[Board "2"]
[White "Durakovic, Alman"]
[Black "Moritz, Christian"]
[Result "0-1"]
[WhiteElo "2292"]
[BlackElo "2063"]
[PlyCount "78"]
[EventDate "2019.10.04"]
[EventType "team"]
[EventRounds "11"]
[EventCountry "AUT"]
[WhiteTeam "Royal Salzburg"]
[BlackTeam "Rochade/Rum"]

1. d4 e6 2. c4 Bb4+ 3. Nc3 Nf6 4. Qc2 d5 5. a3 Be7 6. Nf3 O-O 7. Bg5 h6 8. Bh4
b6 9. e3 Bb7 10. cxd5 Nxd5 11. Nxd5 exd5 12. Bxe7 Qxe7 13. Bd3 c5 14. dxc5 bxc5
15. O-O Nd7 16. Rac1 Rfc8 17. Bh7+ Kf8 18. Bf5 g6 19. Bxd7 Qxd7 20. Qc3 Kg8 21.
Ne5 Qf5 22. f4 h5 23. h3 f6 24. Nf3 Kg7 25. b4 Ba6 26. bxc5 Bxf1 27. Rxf1 Re8
28. Nd4 Qe4 29. Rf3 Rab8 30. c6 Qb1+ 31. Rf1 Qb2 32. Qd3 Qa2 33. Rf2 Rb1+ 34.
Kh2 Qxf2 35. Qxb1 Qxe3 36. Qb4 Qxf4+ 37. Kg1 Qe3+ 38. Kh2 Qe5+ 39. g3 Qe1  0-1

[Event "2. Bundesliga West 2019/20"]
[Site "Hotel Montfort, Galuragasse 7, 6800 Fekdkirch"]
[Date "2019.11.23"]
[Round "4"]
[Board "3"]
[White "Jedinger, Andreas"]
[Black "Goldbeck, Lars"]
[Result "0-1"]
[WhiteElo "2092"]
[BlackElo "2203"]
[PlyCount "66"]
[EventDate "2019.10.04"]
[EventType "team"]
[EventRounds "11"]
[EventCountry "AUT"]
[WhiteTeam "Rochade/Rum"]
[BlackTeam "Royal Salzburg"]

1. e4 c5 2. Nf3 d6 3. d4 cxd4 4. Qxd4 Nc6 5. Bb5 Bd7 6. Qd3 Nf6 7. c4 a6 8.
Bxc6 Bxc6 9. Nc3 e6 10. O-O Be7 11. Rd1 O-O 12. h3 Rc8 13. Be3 Qa5 14. Nd4 Qh5
15. Nxc6 Rxc6 16. Rac1 Rfc8 17. Bf4 Nd7 18. g4 Qa5 19. b4 Qxb4 20. Rb1 Qa5 21.
Qd2 Qc7 22. Ne2 g6 23. Rbc1 Ne5 24. Kg2 Rxc4 25. Qb2 b5 26. Qb3 Qb7 27. Rxc4
Rxc4 28. f3 Qc7 29. Rd2 Bh4 30. Be3 Be1 31. Rd1 Ba5 32. Kg3 Rc2 33. Nc1 Rc3  0-1

[Event "2. Bundesliga West 2019/20"]
[Site "Hotel Montfort, Galuragasse 7, 6800 Fekdkirch"]
[Date "2019.11.23"]
[Round "4"]
[Board "4"]
[White "Leeb, Simon"]
[Black "Berchtold, Clemens"]
[Result "1/2-1/2"]
[WhiteElo "2203"]
[BlackElo "2050"]
[PlyCount "87"]
[EventDate "2019.10.04"]
[EventType "team"]
[EventRounds "11"]
[EventCountry "AUT"]
[WhiteTeam "Royal Salzburg"]
[BlackTeam "Rochade/Rum"]

1. d4 d5 2. c4 dxc4 3. Nf3 Nf6 4. Na3 e6 5. e3 c5 6. Nxc4 Nc6 7. Nce5 Nxe5 8.
Nxe5 cxd4 9. Qa4+ Bd7 10. Qxd4 Qa5+ 11. Bd2 Qc5 12. Qxc5 Bxc5 13. Rc1 Bd6 14.
Nxd7 Kxd7 15. Bc3 Rhg8 16. Bd3 Ke7 17. g3 g6 18. Ke2 Rgc8 19. a3 Nd7 20. Rhd1
Rab8 21. f4 Nc5 22. Bc2 Rd8 23. g4 f5 24. g5 Kf7 25. b4 Na6 26. Bb3 Rbc8 27.
Bf6 Be7 28. Rxc8 Rxc8 29. Rd7 Rc7 30. Rxc7 Nxc7 31. Be5 Nb5 32. a4 Nd6 33. b5
Nc8 34. Kd3 Bd6 35. Bd4 Ke7 36. Bd1 Kd7 37. Bf3 Kc7 38. Kc4 Nb6+ 39. Kb3 Nc8
40. a5 b6 41. a6 Bc5 42. Be5+ Bd6 43. Bd4 Bc5 44. Be5+  1/2-1/2